| 000 | 00905nmc a2200289 a 4500 | ||
|---|---|---|---|
| 003 | AR-BaBNM | ||
| 005 | 20251128210009.0 | ||
| 008 | 038119s1998 ||||||||||||||000 | spa|| | ||
| 020 | _a84-493-0556-x | ||
| 040 | _cAR-BaBNM | ||
| 100 | 1 | _aSchön, Donald A. | |
| 245 | 1 | 0 |
_aEl profesional reflexivo _bcómo piensan los profesionales cuando actúan |
| 250 | _a1ª ed. | ||
| 260 |
_aBarcelona _aBuenos Aires _bPaidós _c1998 |
||
| 300 | 0 | _a319 p. | |
| 490 | 0 |
_aTemas de educación _vv. 47 |
|
| 500 | 0 | _aContiene índice analítico y de nombres p. 309-319 | |
| 504 | _aContiene referencias bibliográficas en notas a pie de página | ||
| 650 | 4 | _aFORMACION PROFESIONAL | |
| 650 | 4 | _aAPRENDIZAJE MEDIANTE LA PRACTICA | |
| 650 | 4 | _aAPTITUD PROFESIONAL | |
| 650 | 4 | _aPENSAMIENTO | |
| 650 | 4 | _aPROCESOS MENTALES SUPERIORES | |
| 800 | 1 |
_aColl, César _edirector |
|
| 942 | _cBK | ||
| 998 | _cRaquel | ||
| 999 |
_c13645 _d13645 |
||